La última guía del cuerpo humano (Registro nro. 3720)

Detalles MARC
000 -CABECERA
Longitud fija campo de control 01817ngm a2200337 i 4500
005 - • FECHA Y HORA DE LA ÚLTIMA TRANSACCIÓN
Fecha y hora de la última transacción 20220317000324.0
007 - • CAMPO FIJO DE DESCRIPCIÓN FÍSICA
Campo fijo de descripción física ta
008 - • CÓDIGOS DE INFORMACIÓN DE LONGITUD FIJA
Códigos de información de longitud fija 21091022005 ck j s vcspa d spa
020 ## - • NÚMERO INTERNACIONAL NORMALIZADO PARA LIBROS
Número Internacional Normalizado para Libros (ISBN) 9781595270418
040 ## - FUENTE DE LA CATALOGACIÓN
Centro catalogador de origen CO-BoRNBP
Lengua de catalogación spa
Normas de descripción rda
Centro transcriptor CO-BoRNBP
041 0# - • CÓDIGO DE LENGUA
Código de lengua del texto/banda sonora o título independiente spa
082 04 - • NÚMERO DE LA CLASIFICACIÓN DECIMAL DEWEY
Número de clasificación (R) 611
Número del ítem D37u
Número de edición 22
082 04 - • NÚMERO DE LA CLASIFICACIÓN DECIMAL DEWEY
Número de clasificación (R) 611
Número del ítem D37u F1-2016
110 2# - • PUNTO DE ACCESO PRINCIPAL-NOMBRE DE ENTIDAD CORPORATIVA
Nombre de entidad corporativa o nombre de jurisdicción como elemento inicial Discovery Communications
245 13 - • TITULO PROPIAMENTE DICHO
Título La última guía del cuerpo humano
Mención de responsabilidad, etc. Discovery Communications
264 #1 - PRODUCCIÓN, PUBLICACIÓN , DISTRIBUCIÓN, FABRICACIÓN Y COPYRIGHT
Lugar de producción, publicación, distribución, fabricación Bogotá
Nombre del productor, editor, distribuidor, fabricante MS Tv & Videos
Fecha de de producción, publicación, distribución, fabricación o copyright 2005
300 ## - • DESCRIPCIÓN FÍSICA
Extensión 1 DVD (49 minutos)
Otras características físicas estéreo, color
Dimensiones 20 cm
336 ## - TIPO DE CONTENIDO
Término de tipo de contenido imagen en movimiento bidimensional
Código de tipo de contenido tdi
Fuente rdacontent
337 ## - TIPO DE MEDIO
Nombre del tipo de medio video
Código del tipo de medio v
Fuente rdamedia
338 ## - TIPO DE SOPORTE
Nombre del tipo de soporte videodisco
Código del tipo de soporte vd
Fuente rdacarrier
490 0# - • MENCIÓN DE SERIE
Mención de serie Discovery Channel. Salud
520 3# - • NOTA DE RESUMEN
Resumen, etc, Sabía que.. La estructura más compleja de nuestro planeta, es el cuerpo humano. Está lleno de agujeros y sin embargo contiene casi 70 litros de agua y cerca de medio litro de ácido clorhídrico, posee más proteínas que 30 kilos de maní, tiene suficiente carbón para fabricar 1000 lápices y suficiente fósforo como para 300 cerillos; eso que suena como una colección de sustancias químicas en una bolsa agujerada se trata del cuerpo humano. Acompañenos a un espectacular viaje al interior de esta asombrosa máquina que habitamos; veamos la composición y funcionamiento de cada uno de sus órganos desde lo físico hasta lo psicológico
521 ## - • NOTA DE PÚBLICO DESTINATARIO
Nota público destinatario (R ) Recomendado para un público mayor de 12 años
650 17 - • PUNTO DE ACCESO ADICIONAL DE MATERIA - TÉRMINO DE MATERIA
Término de materia o nombre geográfico como elemento inicial Anatomía humana
Subdivisión de forma DVD
Fuente del encabezamiento o término LEMB
650 17 - • PUNTO DE ACCESO ADICIONAL DE MATERIA - TÉRMINO DE MATERIA
Término de materia o nombre geográfico como elemento inicial Cuerpo humano
Subdivisión de forma DVD
Fuente del encabezamiento o término LEMB
650 17 - • PUNTO DE ACCESO ADICIONAL DE MATERIA - TÉRMINO DE MATERIA
Término de materia o nombre geográfico como elemento inicial Aparato circulatorio
Subdivisión de materia general Función
Subdivisión de forma DVD
Fuente del encabezamiento o término LEMB
650 17 - • PUNTO DE ACCESO ADICIONAL DE MATERIA - TÉRMINO DE MATERIA
Término de materia o nombre geográfico como elemento inicial Aparato digestivo
Subdivisión de materia general Función
Subdivisión de forma DVD
Fuente del encabezamiento o término LEMB
650 17 - • PUNTO DE ACCESO ADICIONAL DE MATERIA - TÉRMINO DE MATERIA
Término de materia o nombre geográfico como elemento inicial Aparato locomotor
Subdivisión de materia general Función
Subdivisión de forma DVD
Fuente del encabezamiento o término LEMB
650 17 - • PUNTO DE ACCESO ADICIONAL DE MATERIA - TÉRMINO DE MATERIA
Término de materia o nombre geográfico como elemento inicial Aparato respiratorio
Subdivisión de materia general Función
Subdivisión de forma DVD
Fuente del encabezamiento o término LEMB
942 ## - ENTRADA DE ELEMENTOS AGREGADOS (KOHA)
Fuente de clasificaión o esquema Dewey Decimal Classification
Koha [por defecto] tipo de item DVD

No hay ítems disponibles.










Instituto Departamental de Cultura del Meta - Red Departamental de Bibliotecas Públicas del Meta.